MDQL
is popping MORE tags! Check the
thread
!
Quizzes
Events
Quiz Creation
Community
Videos
Private Events
Remove Ads
Sign In
Join for FREE
Feedback
Dark Mode
Quiz Categories
Sports
Geography
Music
Movies
Television
Just For Fun
Miscellaneous
History
Literature
Language
Science
Gaming
Entertainment
Religion
Holiday
For Kids
Quiz Lab
Recent
Popular Today
Quiz Kudos Today
Editor Picks
Curator Picks
Quizzes by...
Day
Popularity
Type
Ratings
Length
Year
Community
Subscriptions
Recent Discussions
Orange Saloon
Badges
Playlists
Quests
Create
Leaderboards
Showdown
Live 5
Trivia Bingo
Activity
Puzzle Library
Sporcle Events
Private Events
Virtual Trivia
Globe League
Become a Host
Pub Owners
SporcleCon
Opinionation
Our Games
Videos
Blog
Mobile Apps
Partnerships
Remove Ads and Go Orange
Feedback
Gaming
Video Games
Board Games
Card Games
Pokémon
Mario
Nintendo
Minecraft
Console
Toys
Legend of Zelda
Gaming
Video Games
Board Games
Card Games
Pokémon
Mario
Nintendo
Minecraft
Console
Toys
Legend of Zelda
Random Quiz
Search Sporcle
×
Quiz Lab
Quiz Lab
Gaming
Pokémon
Type in answers that appear in a list
Type in answers that appear in a list
Classic
Best Score? Go Orange.
Pokemon Name Mash-Up Gen5 Stats
Can you name the Pokemon from the hints on either side of their name (some are not the correct spelling of the word)?
By
rayne1109
4m
21 Questions
59 Plays
59 Plays
59 Plays
Comments
Comments
Give Quiz Kudos
Give Quiz Kudos
-
- Ratings
hide this ad
Replay
Link that replays current quiz
Next Quiz
Link to next quiz in quiz playlist
You Got
0%
They Got
Avg Score
56%
Avg Friend Score
Upgrade to see
Score Distribution
Jump to the score distribution portion of the page
Score
0/21
Timer
04:00
0
Plays Today
Hint
Answer
% Correct
this animal says quack
Ducklett
86.4%
the young of certain large predatory animals such as bears, lions, wolves, and big cats
Cubchoo
79.7%
bacon comes from this animal
Pignite
79.7%
the soft vibrant sound made by a cat
Purrloin
72.9%
a type of flower
Lillipup
71.2%
another name for gelatin
Jellicent
69.5%
what the B stands for in the microsoft word toolbar
Boldore
67.8%
to look or observe attentively or carefully
Watchog
66.1%
past tense and past participle of light
Litwick
64.4%
the outer covering on an egg, fruit, or nut
Shelmet
59.3%
to tap gently with the open hand or with something flat
Patrat
54.2%
Hint
Answer
% Correct
a type of potato
Yamask
54.2%
to seek the affection of with intent to romance
Woobat
52.5%
to place food before (someone); wait on
Servine
47.5%
by oneself; alone
Solosis
47.5%
a tool fitted with a cutting tool attachment or driving tool attachment
Drilbur
45.8%
energy in transit from a high temperature object to a lower temperature object
Heatmor
42.4%
a soft, fluffy staple fiber that grows in a boll, or protective capsule
Cottonee
40.7%
in greek mythology the god of woods, fields, and flocks
Pansear
39%
Small loose grains of worn or disintegrated rock
Sandile
35.6%
strong in body; sturdy
Stoutland
3.4%
Quiz Playlist
Details
Report
Send in Message
Add To Playlist
Classic:
Type in answers that appear in a list
Last Updated: Sep 23, 2017
Quiz Scoreboard
CHALLENGE
Sign Up to Join the Scoreboard
Show All
Scores
Hide
Comments
May contain spoilers
Recently Published
1-10 Letter E Words III
by El_Dandy
Language
2m
Street Fighter Characters
by Artimus82
Gaming
60s
College Basketball Coaching Resumes
by pancakes188
Sports
9m
More to Explore
Quiz From the Vault
Featured Blog Post
Where Did the Easter Bunny Come From?
hide this ad
You Might Also Like...
Tags
Pokémon Quiz
Either
mashup
side
Spelling
Today's Top Quizzes in Gaming
Browse Gaming
hide this ad
Today's Top Quizzes in Pokémon
Browse Pokémon
Top Contributed Quizzes in Gaming
1
5-to-1: Consoles
2
7-to-1: Board Game Piece Blitz
3
5-to-1: Legend of Zelda
4
League of Legends Pro Players by Career/Team History
5
Destiny 2 exotic weapons by perk icons
6
Ultimate Genshin Impact Logic Puzzle (up to 4.3)
7
Franchise by Action Figure
8
Who's on the WWE 2K24 Cover?
9
Genshin Impact Logic Puzzle Quiz
10
Order the Pokémon Regions
Explore More
Trending Topics
Marvel
Anime
Crossword
Kpop
Harry Potter
NBA
Disney
WWE
Song
Country
NFL
The Office
Puzzle
Soccer
Pokémon
hide this ad
More By:
rayne1109
Quiz
Plays
Rating
Category
Featured
Created
Car Brand Logos
2,059
4.25
Miscellaneous
Jul 7, 2011
The Ultimate Car Brand Quiz
853
2.67
Just For Fun
Jun 22, 2011
Missing Words In Wicked Songs
492
5.00
Music
Jun 22, 2011
Pokemon Name Mash-Up Gen1
286
4.75
Gaming
Jul 12, 2011
Pokemon Name Mash-Up Gen2
100
5.00
Gaming
Jul 13, 2011
Go to Creator's Profile
Score Distribution
Quiz Creator Spotlight
rayne1109
Follow
Send a Message
Quizzes Created
-
Created Quiz Play Count
-
More By This Creator
Popular Quizzes Today
1
Find the US States - No Outlines Minefield
2
Find the Countries of Europe - No Outlines Minefield
3
The Countries of the World
4
Find the US States
5
Risky Map Clicking: Biggest States A-Z
6
US States
7
Popular People in 1961
8
Movies - When Are They Set?
More Gaming Quizzes
Select a Video Game Character
Editor's Pick
Trending Quizzes
Risky Map Clicking: Least Populous States A-Z
Billboard Blitz: Aretha Franklin
1-10 Letter G Words
Countries of the World: 200 Million BC
1-10 Letter F Words
Recently Updated
Leaping Animals
pecheneg
Reality TV Shows (A-Z)
bhenderson79
Rickey Henderson's Hall of Fame Teammates
pecheneg
Champions League XIs: Arsenal
pecheneg
Quick Pick: Celebrities in WWE's Hall of Fame
aduchscher
A-Z Keypad Blitz II
pecheneg
Multiple Oscar Actors
pecheneg
Mystery Phrase Blitz: Oscar 'Best Actors'
pecheneg
F. Scott Fitzgerald Novels
LTH
Pick 3 Villains
ddd62291
Trending Topics
NBA
Marvel
Anime
Kpop
Disney
Crossword
Harry Potter
Soccer
Pokémon
NFL
WWE
Puzzle
The Office
Country
Song
Your Account Isn't Verified!
In order to create a playlist on Sporcle, you need to verify the email address you used during registration. Go to your
Sporcle Settings
to finish the process.
Report this User
Report this user for behavior that violates our
Community Guidelines
.
Details:
Send Report
Go to the Sporcle.com Mobile Site →
Comments